麻雀牌 - Statistics

General Stats
  • This quiz has been taken 57 times
  • The average score is 31 of 34
Answer Stats
麻雀牌 % Correct
白板
98%
緑發
98%
紅中
98%
一萬
94%
一筒
94%
94%
94%
西
94%
94%
三筒
92%
四筒
92%
五筒
92%
七筒
92%
八筒
92%
一索
92%
三索
92%
四索
92%
五索
92%
三萬
90%
四萬
90%
五萬
90%
七萬
90%
八萬
90%
九萬
90%
二筒
90%
六筒
90%
九筒
90%
二索
90%
七索
90%
八索
90%
二萬
88%
六萬
88%
九索
88%
六索
86%
No matching quizzes found
Score Distribution
Percent of People with Each Score
Percentile by Number Answered
Your Score History
You have not taken this quiz